[Event "DEM U10 2017"]
[Site "Willingen GER"]
[Date "2017.06.08"]
[Round "8"]
[White "Nitsche, Nikolai"]
[Black "Rempe, Jonas"]
[Result "0-1"]
[Termination "normal"]
[Board "1"]
[WhiteElo "1465"]
[BlackElo "1733"]
[WhiteClock "00:04:28"]
[BlackClock "00:11:51"]
[PlyCount "164"]
[WhiteFideId "16221036"]
[BlackFideId "16202406"]
[EventCountry "GER"]
[EventRounds "11"]
[EventType "swiss"]
[EventDate "2017.06.03"]

1. d4 {[%clk 1:15:54]} 1... Nf6 {[%clk 1:15:46]} 2. Bf4 {[%clk 1:16:09]} 2...
g6 {[%clk 1:16:08]} 3. Nf3 {[%clk 1:16:03]} 3... Bg7 {[%clk 1:16:32]} 4. e3 {
[%clk 1:15:28]} 4... O-O {[%clk 1:16:56]} 5. h3 {[%clk 1:15:30]} 5... d6 {
[%clk 1:16:59]} 6. Be2 {[%clk 1:12:57]} 6... Nc6 {[%clk 1:17:25]} 7. O-O {
[%clk 1:13:10]} 7... Nd7 {[%clk 1:17:42]} 8. c4 {[%clk 1:13:04]} 8... e5 {
[%clk 1:18:03]} 9. Bh2 {[%clk 1:13:24]} 9... f5 {[%clk 1:17:51]} 10. Nc3 {
[%clk 1:12:10]} 10... e4 {[%clk 1:17:41]} 11. Nd2 {[%clk 1:11:57]} 11... Nf6 {
[%clk 1:18:05]} 12. Qb3 {[%clk 1:06:43]} 12... a6 {[%clk 1:09:00]} 13. c5+ {
[%clk 1:05:32]} 13... d5 {[%clk 1:07:26]} 14. Qa3 {[%clk 1:04:34]} 14... Ne7 {
[%clk 1:04:43]} 15. b4 {[%clk 1:01:48]} 15... Be6 {[%clk 1:03:07]} 16. Qb2 {
[%clk 1:01:24]} 16... g5 {[%clk 1:02:07]} 17. b5 {[%clk 0:58:59]} 17... Ng6 18.
bxa6 {[%clk 0:57:30]} 18... bxa6 {[%clk 0:56:42]} 19. Qb7 {[%clk 0:53:08]}
19... f4 {[%clk 0:56:58]} 20. Rfb1 {[%clk 0:49:42]} 20... Qe7 {[%clk 0:55:37]}
21. Bxa6 {[%clk 0:46:15]} 21... Qf7 {[%clk 0:49:18]} 22. Nb5 {[%clk 0:43:09]}
22... Nd7 {[%clk 0:41:57]} 23. Rf1 {[%clk 0:42:56]} 23... Rfb8 {[%clk 0:41:12]}
24. Qc6 {[%clk 0:40:09]} 24... Ne7 {[%clk 0:39:03]} 25. Qxc7 {[%clk 0:33:00]}
25... Rxa6 {[%clk 0:36:17]} 26. a4 {[%clk 0:29:52]} 26... Rc6 {[%clk 0:28:22]}
27. Qa7 {[%clk 0:26:04]} 27... Rf8 {[%clk 0:26:12]} 28. Nd6 {[%clk 0:21:54]}
28... Qf6 {[%clk 0:14:13]} 29. Nb3 {[%clk 0:21:23]} 29... Nb8 {[%clk 0:13:25]}
30. Qb7 {[%clk 0:16:48]} 30... Nf5 {[%clk 0:12:41]} 31. Nxf5 {[%clk 0:13:53]}
31... Qxf5 {[%clk 0:11:34]} 32. a5 {[%clk 0:09:44]} 32... Qf7 {[%clk 0:09:10]}
33. Qb5 {[%clk 0:09:07]} 33... Bd7 {[%clk 0:08:30]} 34. Qb7 {[%clk 0:08:35]}
34... Be6 {[%clk 0:08:43]} 35. Qb5 {[%clk 0:08:56]} 35... Qd7 {[%clk 0:06:37]}
36. exf4 {[%clk 0:08:49]} 36... Rc7 {[%clk 0:05:34]} 37. Qxd7 {[%clk 0:07:36]}
37... Rxd7 {[%clk 0:05:48]} 38. fxg5 {[%clk 0:07:53]} 38... Nc6 {[%clk 0:06:06]
} 39. Rfd1 {[%clk 0:05:05]} 39... Ra7 {[%clk 0:05:51]} 40. Ra4 {[%clk 0:03:38]}
40... Rfa8 {[%clk 0:05:44]} 41. Rda1 {[%clk 0:14:08]} 41... Bd7 {[%clk 0:20:56]
} 42. Bd6 {[%clk 0:12:00]} 42... Nxd4 {[%clk 0:19:20]} 43. Rxd4 {[%clk 0:11:11]
} 43... Bxd4 {[%clk 0:19:14]} 44. Nxd4 {[%clk 0:11:34]} 44... Rxa5 { [%clk
0:19:02]} 45. Rxa5 {[%clk 0:11:29]} 45... Rxa5 {[%clk 0:19:21]} 46. c6 { [%clk
0:11:49]} 46... Ra6 {[%clk 0:19:23]} 47. Kf1 {[%clk 0:09:32]} 47... Bxc6 {[%clk
0:18:53]} 48. Nxc6 {[%clk 0:08:18]} 48... Rxc6 49. Bf4 {[%clk 0:07:58]} 49...
Kg7 {[%clk 0:18:27]} 50. Ke2 {[%clk 0:08:02]} 50... Kg6 {[%clk 0:17:40]} 51. g4
{[%clk 0:06:26]} 51... d4 {[%clk 0:17:05]} 52. h4 {[%clk 0:06:12]} 52... d3+
{[%clk 0:16:53]} 53. Kd1 {[%clk 0:05:48]} 53... Ra6 {[%clk 0:16:12]} 54. h5+
{[%clk 0:04:56]} 54... Kf7 {[%clk 0:16:09]} 55. Be5 {[%clk 0:04:42]} 55... Re6
{[%clk 0:16:12]} 56. Bf4 {[%clk 0:04:58]} 56... Ra6 {[%clk 0:15:54]} 57. Be5
{[%clk 0:05:18]} 57... Rb6 {[%clk 0:15:38]} 58. Bf4 {[%clk 0:05:33]} 58... Ke6
{[%clk 0:13:11]} 59. Be3 {[%clk 0:05:50]} 59... Rb3 {[%clk 0:12:42]} 60. h6
{[%clk 0:05:44]} 60... Kf7 {[%clk 0:12:24]} 61. Bd4 {[%clk 0:04:38]} 61... Kg6
{[%clk 0:12:46]} 62. Be3 {[%clk 0:04:58]} 62... Rb5 {[%clk 0:12:46]} 63. f4 {
[%clk 0:04:43]} 63... exf3 {[%clk 0:12:49]} 64. Kd2 {[%clk 0:05:03]} 64... Rxg5
{[%clk 0:12:32]} 65. Kxd3 {[%clk 0:05:10]} 65... Rxg4 {[%clk 0:12:54]} 66. Kd2
{[%clk 0:05:23]} 66... Kf5 {[%clk 0:13:07]} 67. Ke1 {[%clk 0:04:33]} 67... Ke4
{[%clk 0:13:28]} 68. Bc5 {[%clk 0:04:03]} 68... Rg6 {[%clk 0:12:20]} 69. Bf8 {
[%clk 0:04:13]} 69... Rf6 {[%clk 0:12:42]} 70. Bg7 {[%clk 0:04:19]} 70... Rf7 {
[%clk 0:13:07]} 71. Kf2 {[%clk 0:04:33]} 71... Kf4 {[%clk 0:13:20]} 72. Bd4 {
[%clk 0:04:45]} 72... Re7 {[%clk 0:13:41]} 73. Bc5 {[%clk 0:03:55]} 73... Re2+
{[%clk 0:13:21]} 74. Kf1 {[%clk 0:04:18]} 74... Kg5 {[%clk 0:12:43]} 75. Bf8 {
[%clk 0:04:35]} 75... Kg4 {[%clk 0:12:37]} 76. Bd6 {[%clk 0:04:14]} 76... Re6 {
[%clk 0:12:20]} 77. Bf8 {[%clk 0:04:35]} 77... Kg3 {[%clk 0:12:43]} 78. Bg7 {
[%clk 0:04:28]} 78... f2 {[%clk 0:11:51]} 79. Be5+ Kf3 80. Bc3 Rb6 81. Bb2 Rxh6
82. Bc1 Rh1# 0-1

[Event "DEM U10 2017"]
[Site "Willingen GER"]
[Date "2017.06.08"]
[Round "8"]
[White "Costa, Leonardo"]
[Black "Krüger, Aurelian"]
[Result "1-0"]
[Termination "normal"]
[Board "2"]
[WhiteElo "1704"]
[BlackElo "1657"]
[WhiteClock "00:22:04"]
[BlackClock "00:02:39"]
[PlyCount "115"]
[WhiteFideId "16213955"]
[BlackFideId "16230400"]
[EventCountry "GER"]
[EventRounds "11"]
[EventType "swiss"]
[EventDate "2017.06.03"]

1. e4 {[%clk 1:15:59]} 1... e6 {[%clk 1:15:56]} 2. Qe2 {[%clk 1:16:25]} 2... c5
{[%clk 1:16:00]} 3. Nf3 {[%clk 1:16:49]} 3... Nc6 {[%clk 1:14:56]} 4. g3 {
[%clk 1:17:01]} 4... Be7 {[%clk 1:06:07]} 5. Bg2 {[%clk 1:17:19]} 5... b6 {
[%clk 1:03:05]} 6. O-O {[%clk 1:17:31]} 6... Bb7 {[%clk 1:02:22]} 7. d3 { [%clk
1:17:07]} 7... Qc7 {[%clk 0:59:06]} 8. Re1 {[%clk 1:13:42]} 8... Nf6 { [%clk
0:54:18]} 9. e5 {[%clk 1:12:55]} 9... Nd5 {[%clk 0:53:10]} 10. c4 { [%clk
1:11:45]} 10... Ndb4 {[%clk 0:52:50]} 11. a3 {[%clk 1:12:05]} 11... Na6 { [%clk
0:52:48]} 12. Nc3 {[%clk 1:10:00]} 12... O-O-O {[%clk 0:49:26]} 13. Nb5 { [%clk
1:08:07]} 13... Qb8 {[%clk 0:49:30]} 14. Ng5 {[%clk 0:58:53]} 14... Rdf8 {[%clk
0:47:46]} 15. Ne4 {[%clk 0:58:03]} 15... Nd4 {[%clk 0:47:39]} 16. Ned6+ {[%clk
0:57:50]} 16... Bxd6 {[%clk 0:47:37]} 17. Nxd6+ {[%clk 0:58:16]} 17... Kc7
{[%clk 0:47:54]} 18. Qd1 {[%clk 0:53:48]} 18... Bxg2 {[%clk 0:47:44]} 19. Kxg2
{[%clk 0:54:11]} 19... Qa8+ {[%clk 0:48:04]} 20. f3 {[%clk 0:54:36]} 20... Nb8
{[%clk 0:44:48]} 21. Nb5+ {[%clk 0:53:34]} 21... Nxb5 {[%clk 0:44:29]} 22. cxb5
{[%clk 0:53:58]} 22... a6 23. bxa6 {[%clk 0:51:21]} 23... Qxa6 { [%clk
0:41:17]} 24. Be3 {[%clk 0:51:10]} 24... Nc6 {[%clk 0:37:28]} 25. d4 { [%clk
0:49:51]} 25... cxd4 {[%clk 0:27:27]} 26. Bxd4 {[%clk 0:50:14]} 26... Qb5
{[%clk 0:23:31]} 27. Rc1 {[%clk 0:44:44]} 27... Rc8 {[%clk 0:21:12]} 28. b4 {
[%clk 0:42:46]} 28... Kb7 {[%clk 0:19:13]} 29. Bc3 {[%clk 0:41:31]} 29... Ne7 {
[%clk 0:16:07]} 30. a4 {[%clk 0:39:24]} 30... Qd5 {[%clk 0:14:28]} 31. Qe2 {
[%clk 0:38:49]} 31... Qb3 {[%clk 0:11:32]} 32. Qd3 {[%clk 0:24:20]} 32... Nd5 {
[%clk 0:10:00]} 33. Red1 {[%clk 0:13:36]} 33... Rxc3 {[%clk 0:08:27]} 34. Rxc3
{[%clk 0:13:58]} 34... Qxc3 {[%clk 0:08:46]} 35. Qxc3 {[%clk 0:14:24]} 35...
Nxc3 {[%clk 0:09:09]} 36. Rxd7+ {[%clk 0:14:49]} 36... Kc6 {[%clk 0:08:52]} 37.
Rxf7 {[%clk 0:15:15]} 37... Rg8 {[%clk 0:06:46]} 38. Ra7 {[%clk 0:14:19]} 38...
h5 {[%clk 0:05:35]} 39. f4 {[%clk 0:14:29]} 39... g5 {[%clk 0:05:08]} 40. Kf3 {
[%clk 0:14:12]} 40... Rf8 {[%clk 0:03:04]} 41. Re7 {[%clk 0:13:29]} 41... g4+ {
[%clk 0:02:09]} 42. Kf2 {[%clk 0:13:41]} 42... Kd5 {[%clk 0:01:01]} 43. Rh7 {
[%clk 0:13:35]} 43... Rf5 {[%clk 0:14:40]} 44. Rd7+ {[%clk 0:29:09]} 44... Kc4
{[%clk 0:14:39]} 45. Rb7 {[%clk 0:28:09]} 45... Nxa4 {[%clk 0:13:52]} 46. Re7 {
[%clk 0:28:13]} 46... Kxb4 {[%clk 0:13:18]} 47. Rxe6 {[%clk 0:28:37]} 47... b5
{[%clk 0:13:23]} 48. Ke2 {[%clk 0:28:46]} 48... Kb3 {[%clk 0:12:51]} 49. Re8 {
[%clk 0:29:05]} 49... b4 {[%clk 0:12:44]} 50. e6 {[%clk 0:29:27]} 50... Rf6 {
[%clk 0:10:56]} 51. Kd2 {[%clk 0:29:18]} 51... Kb2 {[%clk 0:10:41]} 52. e7 {
[%clk 0:29:21]} 52... Rd6+ {[%clk 0:09:55]} 53. Ke3 {[%clk 0:29:20]} 53... b3 {
[%clk 0:09:00]} 54. f5 {[%clk 0:29:26]} 54... Nc5 {[%clk 0:08:04]} 55. Rd8 {
[%clk 0:29:26]} 55... Nb7 {[%clk 0:06:36]} 56. Rb8 {[%clk 0:23:06]} 56... Kc1 {
[%clk 0:02:47]} 57. e8=Q {[%clk 0:21:50]} 57... b2 {[%clk 0:02:39]} 58. Qc8+ {
[%clk 0:22:04]} 1-0

[Event "DEM U10 2017"]
[Site "Willingen GER"]
[Date "2017.06.08"]
[Round "8"]
[White "Prieb, Robert"]
[Black "Bakiev, Diyor"]
[Result "0-1"]
[Termination "normal"]
[Board "3"]
[WhiteElo "1583"]
[BlackElo "1111"]
[WhiteClock "00:23:45"]
[BlackClock "00:58:41"]
[PlyCount "92"]
[WhiteFideId "16212002"]
[BlackFideId "16241584"]
[EventCountry "GER"]
[EventRounds "11"]
[EventType "swiss"]
[EventDate "2017.06.03"]

1. d4 {[%clk 1:15:55]} 1... d5 {[%clk 1:15:56]} 2. c4 {[%clk 1:16:11]} 2... c6
{[%clk 1:16:11]} 3. Nf3 {[%clk 1:16:19]} 3... Nf6 {[%clk 1:16:15]} 4. Nc3 {
[%clk 1:16:00]} 4... e6 {[%clk 1:16:23]} 5. e3 {[%clk 1:15:55]} 5... Nbd7 {
[%clk 1:14:16]} 6. Qc2 {[%clk 1:15:30]} 6... Bd6 {[%clk 1:14:19]} 7. Be2 {
[%clk 1:15:13]} 7... O-O {[%clk 1:14:29]} 8. O-O {[%clk 1:15:08]} 8... dxc4 9.
Bxc4 {[%clk 1:15:19]} 9... b5 {[%clk 1:14:54]} 10. Be2 {[%clk 1:15:08]} 10...
Bb7 {[%clk 1:15:00]} 11. Rd1 {[%clk 1:15:01]} 11... Qc7 {[%clk 1:15:07]} 12. e4
{[%clk 1:13:13]} 12... e5 {[%clk 1:13:58]} 13. dxe5 {[%clk 1:13:08]} 13... Nxe5
{[%clk 1:14:01]} 14. Nxe5 {[%clk 1:12:54]} 14... Bxe5 {[%clk 1:14:21]} 15. g3 {
[%clk 1:12:07]} 15... Rfe8 {[%clk 1:14:10]} 16. Bf3 {[%clk 1:07:38]} 16... a6 {
[%clk 1:13:19]} 17. Bg2 {[%clk 1:06:04]} 17... Rad8 {[%clk 1:12:12]} 18. Bg5 {
[%clk 1:02:55]} 18... h6 {[%clk 1:10:46]} 19. Bxf6 {[%clk 1:01:06]} 19... Bxf6
{[%clk 1:09:59]} 20. Rxd8 {[%clk 1:00:08]} 20... Rxd8 {[%clk 1:09:31]} 21. Rd1
{[%clk 0:59:06]} 21... Re8 {[%clk 1:09:09]} 22. Nd5 {[%clk 0:52:51]} 22... Qd6
{[%clk 1:04:55]} 23. Nxf6+ {[%clk 0:48:52]} 23... Qxf6 {[%clk 1:05:13]} 24. Rd7
{[%clk 0:45:59]} 24... Rb8 {[%clk 1:03:17]} 25. Qc5 {[%clk 0:31:24]} 25... Bc8
{[%clk 0:57:03]} 26. Qa7 {[%clk 0:27:44]} 26... Bxd7 {[%clk 0:57:12]} 27. Qxb8+
{[%clk 0:28:04]} 27... Kh7 {[%clk 0:57:32]} 28. Qc7 {[%clk 0:27:09]} 28... Be6
{[%clk 0:54:50]} 29. Qxc6 {[%clk 0:21:28]} 29... Qxb2 {[%clk 0:54:28]} 30. Qxa6
{[%clk 0:20:53]} 30... Qb1+ {[%clk 0:54:37]} 31. Bf1 {[%clk 0:21:14]} 31... Bc4
{[%clk 0:54:53]} 32. h4 {[%clk 0:20:02]} 32... Qxf1+ {[%clk 0:55:14]} 33. Kh2 {
[%clk 0:20:19]} 33... Qxf2+ {[%clk 0:55:26]} 34. Kh3 {[%clk 0:20:34]} 34...
Be6+ {[%clk 0:55:39]} 35. g4 {[%clk 0:20:54]} 35... h5 {[%clk 0:55:44]} 36.
Qxe6 {[%clk 0:20:37]} 36... fxe6 {[%clk 0:55:58]} 37. g5 {[%clk 0:20:44]} 37...
Qxa2 {[%clk 0:56:02]} 38. e5 {[%clk 0:20:58]} 38... Kg6 {[%clk 0:56:18]} 39.
Kg3 {[%clk 0:21:19]} 39... Kf5 {[%clk 0:56:40]} 40. g6 {[%clk 0:21:33]} 40...
Qb3+ {[%clk 0:56:55]} 41. Kf2 {[%clk 0:21:53]} 41... Qd3 {[%clk 0:57:10]} 42.
Kg2 {[%clk 0:22:15]} 42... Qe3 {[%clk 0:57:20]} 43. Kh2 {[%clk 0:22:38]} 43...
Qf3 {[%clk 0:57:36]} 44. Kg1 {[%clk 0:23:00]} 44... Qe2 {[%clk 0:57:57]} 45.
Kh1 {[%clk 0:23:24]} 45... Kg4 {[%clk 0:58:17]} 46. Kg1 {[%clk 0:23:45]} 46...
Kg3 {[%clk 0:58:41]} 0-1

[Event "DEM U10 2017"]
[Site "Willingen GER"]
[Date "2017.06.08"]
[Round "8"]
[White "Deuer, Marius"]
[Black "Fuchs, Florian"]
[Result "1-0"]
[Termination "normal"]
[Board "4"]
[WhiteElo "1698"]
[BlackElo "1758"]
[WhiteClock "00:40:07"]
[BlackClock "00:31:13"]
[PlyCount "39"]
[WhiteFideId "16236432"]
[BlackFideId "16213351"]
[EventCountry "GER"]
[EventRounds "11"]
[EventType "swiss"]
[EventDate "2017.06.03"]

1. e4 c5 2. Nf3 Nc6 3. Bb5 e6 4. Bxc6 bxc6 5. O-O d5 6. e5 Ne7 7. d3 g6 8. c4
Bg7 9. Be3 d4 10. Bc1 O-O 11. Nbd2 a5 12. Ne4 Qb6 13. Qb3 Qc7 14. Bg5 Re8 15.
Bf6 Qd7 16. Qa3 Rb8 17. Bxg7 Kxg7 18. Nxc5 Rb4 19. Nb3 a4 20. Qxb4 1-0

[Event "DEM U10 2017"]
[Site "Willingen GER"]
[Date "2017.06.08"]
[Round "8"]
[White "Hagner, Bennet"]
[Black "Metzdorf, Matteo"]
[Result "1-0"]
[Termination "normal"]
[Board "5"]
[WhiteElo "1683"]
[BlackElo "1466"]
[WhiteClock "00:31:11"]
[BlackClock "00:09:12"]
[PlyCount "91"]
[WhiteFideId "16224477"]
[BlackFideId "16209869"]
[EventCountry "GER"]
[EventRounds "11"]
[EventType "swiss"]
[EventDate "2017.06.03"]

1. d4 {[%clk 1:15:58]} 1... d5 {[%clk 1:15:54]} 2. c4 {[%clk 1:16:22]} 2... e6
{[%clk 1:16:19]} 3. Nc3 {[%clk 1:16:45]} 3... Nf6 {[%clk 1:16:41]} 4. Bg5 {
[%clk 1:17:01]} 4... Be7 {[%clk 1:16:39]} 5. e3 {[%clk 1:17:17]} 5... O-O {
[%clk 1:16:06]} 6. Bd3 {[%clk 1:17:28]} 6... Nbd7 {[%clk 1:15:54]} 7. Nf3 {
[%clk 1:16:22]} 7... b6 {[%clk 1:13:38]} 8. cxd5 {[%clk 1:12:00]} 8... exd5 {
[%clk 1:13:35]} 9. O-O {[%clk 1:12:16]} 9... Bb7 {[%clk 1:13:36]} 10. Ne2 {
[%clk 1:10:47]} 10... Ne4 {[%clk 1:08:43]} 11. Bf4 {[%clk 1:06:02]} 11... Ndf6
{[%clk 1:01:33]} 12. Nd2 {[%clk 1:04:06]} 12... Re8 {[%clk 0:56:46]} 13. Nxe4 {
[%clk 1:01:53]} 13... Nxe4 {[%clk 0:55:07]} 14. Qc2 {[%clk 1:01:36]} 14... Rc8
{[%clk 0:53:33]} 15. f3 {[%clk 0:58:30]} 15... Nf6 {[%clk 0:52:35]} 16. Bf5 {
[%clk 0:58:38]} 16... Bd6 {[%clk 0:49:00]} 17. Bxc8 {[%clk 0:56:52]} 17... Bxc8
{[%clk 0:49:03]} 18. Rfe1 {[%clk 0:55:24]} 18... Ba6 {[%clk 0:45:15]} 19. Rac1
{[%clk 0:52:59]} 19... Re7 {[%clk 0:43:33]} 20. Qa4 {[%clk 0:48:54]} 20... Bxe2
{[%clk 0:42:37]} 21. Bxd6 {[%clk 0:48:59]} 21... Qxd6 {[%clk 0:42:16]} 22. Rxe2
{[%clk 0:49:09]} 22... a5 {[%clk 0:42:13]} 23. Qc6 {[%clk 0:49:02]} 23... Qd8 {
[%clk 0:42:16]} 24. Rec2 {[%clk 0:47:23]} 24... Ne8 {[%clk 0:39:36]} 25. Rc3 {
[%clk 0:45:47]} 25... Re6 {[%clk 0:37:04]} 26. Qb7 {[%clk 0:43:43]} 26... Re7 {
[%clk 0:36:59]} 27. a3 {[%clk 0:39:38]} 27... Rd7 {[%clk 0:34:41]} 28. b4 {
[%clk 0:39:03]} 28... axb4 {[%clk 0:33:46]} 29. axb4 {[%clk 0:38:43]} 29... Qe7
{[%clk 0:30:40]} 30. b5 {[%clk 0:32:46]} 30... Kf8 {[%clk 0:28:17]} 31. Rb1 {
[%clk 0:30:53]} 31... g6 {[%clk 0:26:02]} 32. Kh1 {[%clk 0:26:00]} 32... h6 {
[%clk 0:24:23]} 33. Rcb3 {[%clk 0:24:38]} 33... Kg8 {[%clk 0:22:49]} 34. Ra1 {
[%clk 0:24:15]} 34... Kg7 {[%clk 0:22:30]} 35. Ra8 {[%clk 0:22:21]} 35... Kg8 {
[%clk 0:20:04]} 36. Qc8 {[%clk 0:22:02]} 36... Kf8 {[%clk 0:19:55]} 37. Rba3 {
[%clk 0:22:04]} 37... h5 {[%clk 0:03:21]} 38. Rc3 {[%clk 0:21:57]} 38... h4 {
[%clk 0:01:38]} 39. Kg1 {[%clk 0:21:02]} 39... f6 {[%clk 0:01:16]} 40. Kf2 {
[%clk 0:21:00]} 40... Kf7 {[%clk 0:01:18]} 41. Rc6 {[%clk 0:20:11]} 41... g5 {
[%clk 0:00:58]} 42. h3 {[%clk 0:19:20]} 42... f5 {[%clk 0:00:50]} 43. Rh6 {
[%clk 0:17:43]} 43... Nf6 {[%clk 0:13:57]} 44. Qh8 {[%clk 0:31:38]} 44... Rd6 {
[%clk 0:09:16]} 45. Rxf6+ {[%clk 0:30:54]} 45... Rxf6 {[%clk 0:09:12]} 46. Qg8#
{[%clk 0:31:11]} 1-0

[Event "DEM U10 2017"]
[Site "Willingen GER"]
[Date "2017.06.08"]
[Round "8"]
[White "Schwartz, Oliver"]
[Black "Morczynski, Joachim"]
[Result "0-1"]
[Termination "normal"]
[Board "6"]
[WhiteElo "1517"]
[BlackElo "1645"]
[WhiteClock "00:44:22"]
[BlackClock "00:44:53"]
[PlyCount "106"]
[WhiteFideId "16207459"]
[BlackFideId "16209745"]
[EventCountry "GER"]
[EventRounds "11"]
[EventType "swiss"]
[EventDate "2017.06.03"]

1. e4 {[%clk 1:15:58]} 1... d6 {[%clk 1:15:54]} 2. d4 {[%clk 1:16:25]} 2... Nf6
{[%clk 1:16:19]} 3. Nc3 {[%clk 1:16:50]} 3... g6 {[%clk 1:16:44]} 4. Be3 {
[%clk 1:17:14]} 4... c6 {[%clk 1:17:02]} 5. h3 {[%clk 1:17:23]} 5... b5 { [%clk
1:17:25]} 6. a3 {[%clk 1:17:41]} 6... Bg7 {[%clk 1:17:33]} 7. Qd2 { [%clk
1:17:46]} 7... Qa5 {[%clk 1:15:33]} 8. Bd3 {[%clk 1:14:40]} 8... O-O { [%clk
1:12:44]} 9. Nf3 {[%clk 1:12:20]} 9... Nbd7 {[%clk 1:07:54]} 10. O-O { [%clk
1:11:58]} 10... a6 {[%clk 1:06:01]} 11. Bh6 {[%clk 1:11:31]} 11... c5 { [%clk
1:04:54]} 12. dxc5 {[%clk 1:10:47]} 12... dxc5 {[%clk 1:04:18]} 13. Nd5 { [%clk
1:08:50]} 13... Qd8 {[%clk 1:03:46]} 14. Nxf6+ {[%clk 0:59:43]} 14... Nxf6
{[%clk 1:02:54]} 15. Bxg7 {[%clk 0:58:43]} 15... Kxg7 {[%clk 1:03:13]} 16. Qc3
{[%clk 0:58:53]} 16... c4 {[%clk 1:02:52]} 17. Be2 {[%clk 0:58:49]} 17... Bb7
{[%clk 1:02:32]} 18. Nd2 {[%clk 0:58:14]} 18... Kg8 {[%clk 0:59:39]} 19. Bf3
{[%clk 0:57:02]} 19... Qb6 {[%clk 0:57:33]} 20. e5 {[%clk 0:53:01]} 20... Nd5
{[%clk 0:56:59]} 21. Bxd5 {[%clk 0:51:54]} 21... Bxd5 {[%clk 0:57:13]} 22. Qg3
{[%clk 0:49:51]} 22... Qd4 {[%clk 0:54:53]} 23. Qc3 {[%clk 0:48:22]} 23... Qxc3
{[%clk 0:45:58]} 24. bxc3 {[%clk 0:48:35]} 24... Rad8 {[%clk 0:45:56]} 25. f4
{[%clk 0:46:58]} 25... Bxg2 {[%clk 0:45:40]} 26. Kxg2 {[%clk 0:46:53]} 26...
Rxd2+ {[%clk 0:45:58]} 27. Rf2 {[%clk 0:47:21]} 27... Rfd8 {[%clk 0:46:04]} 28.
Raf1 {[%clk 0:47:02]} 28... Kg7 {[%clk 0:45:36]} 29. Rxd2 {[%clk 0:46:06]}
29... Rxd2+ {[%clk 0:45:54]} 30. Rf2 {[%clk 0:46:32]} 30... Rxf2+ { [%clk
0:46:15]} 31. Kxf2 {[%clk 0:46:57]} 31... f6 {[%clk 0:41:12]} 32. Ke3 { [%clk
0:45:17]} 32... fxe5 {[%clk 0:40:35]} 33. fxe5 {[%clk 0:45:38]} 33... g5 {[%clk
0:40:56]} 34. Ke4 {[%clk 0:45:12]} 34... e6 {[%clk 0:40:18]} 35. Kf3 { [%clk
0:43:33]} 35... Kg6 {[%clk 0:40:34]} 36. Kg4 {[%clk 0:42:57]} 36... h5+ { [%clk
0:40:56]} 37. Kg3 {[%clk 0:41:26]} 37... Kf5 {[%clk 0:41:17]} 38. Kf3 { [%clk
0:41:48]} 38... Kxe5 {[%clk 0:41:41]} 39. Ke3 {[%clk 0:42:03]} 39... g4 { [%clk
0:41:36]} 40. h4 {[%clk 0:42:04]} 40... Kf5 {[%clk 0:41:40]} 41. Kf2 { [%clk
0:41:45]} 41... Kf4 {[%clk 0:42:04]} 42. Kg2 {[%clk 0:41:39]} 42... e5 { [%clk
0:42:09]} 43. Kf2 {[%clk 0:42:00]} 43... e4 {[%clk 0:42:34]} 44. Kg2 { [%clk
0:42:08]} 44... e3 {[%clk 0:42:59]} 45. Kf1 {[%clk 0:42:31]} 45... Kf3 { [%clk
0:43:24]} 46. a4 {[%clk 0:42:21]} 46... e2+ {[%clk 0:43:30]} 47. Ke1 { [%clk
0:42:47]} 47... g3 {[%clk 0:43:55]} 48. a5 {[%clk 0:42:57]} 48... g2 { [%clk
0:44:07]} 49. Kd2 {[%clk 0:43:17]} 49... Kf2 {[%clk 0:44:30]} 50. Kc1 50...
e1=Q+ {[%clk 0:44:49]} 51. Kb2 {[%clk 0:44:02]} 51... g1=R { [%clk 0:44:55]}
52. Ka3 {[%clk 0:44:12]} 52... Rg3 {[%clk 0:44:30]} 53. Kb4 { [%clk 0:44:22]}
53... Qe7# {[%clk 0:44:53]} 0-1

[Event "DEM U10 2017"]
[Site "Willingen GER"]
[Date "2017.06.08"]
[Round "8"]
[White "Hänselmann, Hendrik"]
[Black "Hecht, Jonas Christian"]
[Result "1/2-1/2"]
[Termination "normal"]
[Board "7"]
[WhiteElo "1461"]
[BlackElo "1465"]
[WhiteClock "00:05:01"]
[BlackClock "00:53:41"]
[PlyCount "80"]
[WhiteFideId "16232755"]
[BlackFideId "16214846"]
[EventCountry "GER"]
[EventRounds "11"]
[EventType "swiss"]
[EventDate "2017.06.03"]

1. e4 {[%clk 1:15:58]} 1... e5 {[%clk 1:15:52]} 2. Nf3 {[%clk 1:16:22]} 2...
Nc6 {[%clk 1:16:16]} 3. Nc3 {[%clk 1:16:46]} 3... g6 {[%clk 1:16:40]} 4. d4 {
[%clk 1:15:58]} 4... exd4 {[%clk 1:16:37]} 5. Nxd4 {[%clk 1:16:21]} 5... Bg7 {
[%clk 1:16:58]} 6. Nxc6 {[%clk 1:15:19]} 6... bxc6 {[%clk 1:17:15]} 7. Bd2 {
[%clk 1:14:49]} 7... Ne7 {[%clk 1:17:17]} 8. Bd3 {[%clk 1:11:07]} 8... O-O {
[%clk 1:17:30]} 9. O-O {[%clk 1:11:10]} 9... d5 {[%clk 1:17:06]} 10. exd5 {
[%clk 1:07:33]} 10... cxd5 {[%clk 1:17:11]} 11. Re1 {[%clk 1:05:59]} 11... c6 {
[%clk 1:17:12]} 12. Qc1 {[%clk 1:03:40]} 12... Bf5 {[%clk 1:17:01]} 13. Bxf5 {
[%clk 0:55:44]} 13... Nxf5 {[%clk 1:17:07]} 14. h3 {[%clk 0:50:10]} 14... Rb8 {
[%clk 1:15:39]} 15. a4 {[%clk 0:48:22]} 15... d4 {[%clk 1:14:10]} 16. Nd1 {
[%clk 0:47:13]} 16... d3 {[%clk 1:12:27]} 17. cxd3 {[%clk 0:46:40]} 17... Qxd3
{[%clk 1:12:25]} 18. Bf4 {[%clk 0:42:41]} 18... Rb7 {[%clk 1:11:20]} 19. Qxc6 {
[%clk 0:38:27]} 19... Rb6 {[%clk 1:10:39]} 20. Qc1 {[%clk 0:36:27]} 20... Nd4 {
[%clk 1:09:07]} 21. Be3 {[%clk 0:29:47]} 21... Re6 {[%clk 1:08:59]} 22. Ra3 {
[%clk 0:22:17]} 22... Ne2+ {[%clk 1:07:16]} 23. Rxe2 {[%clk 0:22:31]} 23...
Qxe2 {[%clk 1:07:26]} 24. Nc3 {[%clk 0:21:41]} 24... Bxc3 {[%clk 1:07:01]} 25.
Qxc3 {[%clk 0:22:05]} 25... Qd1+ {[%clk 1:06:42]} 26. Kh2 {[%clk 0:22:23]}
26... Qd6+ {[%clk 1:06:35]} 27. Kg1 {[%clk 0:22:21]} 27... Qe5 {[%clk 1:06:06]}
28. Bxa7 {[%clk 0:20:11]} 28... Qxc3 {[%clk 1:06:02]} 29. bxc3 {[%clk 0:17:33]}
29... Ra8 {[%clk 1:05:56]} 30. Bd4 {[%clk 0:16:49]} 30... Rea6 {[%clk 1:05:10]}
31. Rb3 {[%clk 0:15:23]} 31... Rxa4 {[%clk 1:05:05]} 32. Rb7 {[%clk 0:15:45]}
32... Ra2 {[%clk 1:04:37]} 33. Kh2 {[%clk 0:15:39]} 33... Re8 {[%clk 1:01:30]}
34. Kg3 {[%clk 0:12:15]} 34... Ra5 {[%clk 1:00:20]} 35. Rc7 {[%clk 0:08:48]}
35... Rg5+ {[%clk 0:59:53]} 36. Kf3 {[%clk 0:08:47]} 36... Rd5 {[%clk 0:59:40]}
37. Rb7 {[%clk 0:08:12]} 37... h5 {[%clk 0:58:51]} 38. h4 {[%clk 0:06:56]}
38... Rf5+ {[%clk 0:54:34]} 39. Kg3 {[%clk 0:07:08]} 39... Ra5 {[%clk 0:54:49]}
40. Rd7 {[%clk 0:05:01]} 40... Ra4 {[%clk 0:53:41]} 1/2-1/2